Statistics for 2016 News Stories - Name the Country

Click here to take the quiz!

General Stats

  • This quiz has been taken 20,201 times
  • The average score is 13 of 17

Answer Stats

QuestionCountry% Correct
Donald Trump is elected PresidentUnited States
99%
One child policy comes to an endChina
95%
Hackers from this country are accused of trying to influence the U.S. electionRussia
92%
Citizens vote to exit the European UnionUnited Kingdom
91%
In an effort to combat money laundering, all 500 and 1000 rupee
notes are suddenly made invalid
India
85%
The UN passes yet another resolution against this country after yet another nuclear testNorth Korea
85%
After 50 years, commercial flights resume between the U.S. and this countryCuba
84%
UN sanctions lifted after this country agrees to limit its nuclear programIran
79%
Failed coup against President ErdoğanTurkey
79%
Intervening in a Civil War, Russian planes bomb this country's largest citySyria
77%
This country can now be sued in U.S. courts for 9/11 terrorismSaudi Arabia
74%
President encourages citizens to kill drug dealersPhilippines
61%
President Dilma Rousseff impeachedBrazil
60%
Inflation surges to over 100% with food and toilet paper in short supplyVenezuela
57%
Citizens vote against a peace deal with FARC rebelsColombia
53%
King Bhumibol dies at age 88Thailand
52%
Leaked papers reveal how a law firm in this country helped
the global elite to launder money
Panama
48%

Score Distribution

Percentile by Number Answered

Percent of People with Each Score

Your Score History

You have not taken this quiz